Loading...
Literature - American Literature | 0 | 5 | 0 | 0 | 50 | 28 | 74.20 | 0 | 2 |
Painting/Sculpture | 0 | 5 | 1 | 1 | 45 | 37 | 77.80 | 0 | 2 |
History - European History | 0 | 4 | 0 | 1 | 40 | 33 | 73.00 | 0 | 1 |
Mythology | 0 | 3 | 0 | 0 | 30 | 58 | 84.67 | 0 | 0 |
Literature - European Literature | 0 | 2 | 0 | 0 | 20 | 95 | 104.50 | 0 | 0 |
Pop Culture | 0 | 2 | 0 | 1 | 20 | 17 | 59.00 | 1 | 1 |
History - Other History | 0 | 2 | 0 | 0 | 20 | 82 | 91.00 | 0 | 0 |
Literature - World Literature | 0 | 2 | 0 | 0 | 20 | 62 | 84.50 | 0 | 0 |
Literature - British Literature | 0 | 2 | 0 | 0 | 20 | 55 | 73.00 | 0 | 0 |
Fine Arts - Other Fine Arts | 0 | 2 | 1 | 0 | 15 | 93 | 102.00 | 0 | 0 |
Social Science | 0 | 1 | 0 | 0 | 10 | 61 | 61.00 | 0 | 0 |
Geography | 0 | 1 | 0 | 1 | 10 | 105 | 105.00 | 0 | 0 |
History - American History | 0 | 1 | 0 | 1 | 10 | 100 | 100.00 | 0 | 0 |
History - World History | 0 | 1 | 0 | 0 | 10 | 65 | 65.00 | 0 | 0 |
Religion | 0 | 1 | 0 | 0 | 10 | 93 | 93.00 | 0 | 0 |
Science - Chemistry | 0 | 1 | 0 | 0 | 10 | 55 | 55.00 | 0 | 0 |
Philosophy | 0 | 0 | 1 | 0 | -5 | 0.00 | 0 | 0 | |
Fine Arts - Classical Music | 0 | 0 | 1 | 0 | -5 | 0.00 | 0 | 0 |